[Event "1' Torneo Under 1800 - 5 Matti in un giorno"]
[Site "?"]
[Date "2025.01.12"]
[Round "4"]
[White "Botondini, Diego"]
[Black "Grilli, Matteo"]
[Result "0-1"]
[WhiteElo "1580"]
[BlackElo "1672"]
[PlyCount "99"]
[EventDate "2024.??.??"]
[SourceVersionDate "2025.01.14"]

1. e4 Nc6 2. d4 d6 3. Nf3 Bg4 4. Bb5 Bd7 5. O-O a6 6. Ba4 g6 7. d5 Ne5 8. Nxe5 Bxa4 9. Qd4 dxe5 10. Qxa4+ b5 11. Qb3 Nf6 12. f4 exf4 13. Bxf4 Nxe4 14. Be5 f6 15. Qe3 Qxd5 16. Nc3 Qxe5 17. Qxe4 Qxe4 18. Nxe4 f5 19. Nc5 e5 20. Nd3 e4 21. Nf4 Bc5+ 22. Kh1 Kf7 23. g4 c6 24. gxf5 gxf5 25. Nd3 exd3 26. Rxf5+ Ke6 27. Rxc5 Kd6 28. Rc3 dxc2 29. Rxc2 Rhg8 30. Rd1+ Kc7 31. Rdc1 Rg6 32. Rf2 Kb6 33. Rf7 h6 34. Rf3 Rag8 35. Rfc3 Rd6 36. b4 Rgd8 37. Kg2 Rd2+ 38. Kg3 R8d3+ 39. Rxd3 Rxd3+ 40. Kg4 Rd4+ 41. Kh5 Rxb4 42. Rh1 Ra4 43. Kxh6 Rxa2 44. h4 Rg2 45. Rf1 a5 46. Rf5 a4 47. Rg5 Rh2 48. h5 a3 49. Rg1 a2 50. Kh7 0-1